| 000 | 01244naa a22003137a 4500 | ||
|---|---|---|---|
| 001 | BR6800426 | ||
| 003 | BR-BrBNA | ||
| 005 | 20240918173333.0 | ||
| 007 | ta | ||
| 008 | 230509b bl.||||| |||| 00| 0 por d | ||
| 040 |
_aBR-BrBNA _bpor _cBiblioteca Nacional de Agricultura |
||
| 041 | _a(Pt) | ||
| 072 |
_aL74 _b5400 _b4350 |
||
| 090 | _aL74 BR6800426 | ||
| 100 | 1 | _aAccioly, A.L. | |
| 100 | 1 | _aSilveira, A.K. da | |
| 100 | 1 | _aPena, N.D. | |
| 100 | 1 | _aChagas, W.A. | |
| 111 | 1 |
_a11. Congresso Brasileiro de Veterinaria; 1. Congresso Fluminense de Medicina Veterinaria _cNiteroi, RJ (Brazil) _d9 Dec 1968 |
|
| 245 | 1 | _aEspiplo-enterocele umbilical estrangulada no cao - relato de um caso | |
| 260 | 3 |
_aRio de Janeiro, GB (Brasil): _c1968. |
|
| 500 | _aAnais do 11. Congresso Brasileiro de Veterinaria e do 1. Congresso Fluminense de Medicina Veterinaria Rio de Janeiro, GB (Brasil): 1968. p. 325-329 (BR6800426-AM)L74 | ||
| 650 | _aCAO | ||
| 650 | _aHERNIA | ||
| 650 | _aCIRURGIA | ||
| 773 | 0 |
_tAnais do 11. Congresso Brasileiro de Veterinaria e do 1. Congresso Fluminense de Medicina Veterinaria _b _wL74 BR6800426 _gRio de Janeiro, GB (Brasil), 1968. p. 325-329 |
|
| 909 |
_a202404 _bLucia _c55 _dLucia Elande |
||
| 942 |
_cAM _2AGRIS |
||
| 999 |
_c304042 _d304042 |
||